Biblioteca

My pilgrimage in mission (Registro nro. 70636)

Detalles MARC
000 -LÍDER
Campo fijo de descripción fija 01426nab a2200241 i 4500
001 - NÚMERO DE CONTROL
Campo de control 768714001
003 - IDENTIFICADOR DEL NÚMERO DE CONTROL
Campo de control CO-MdFUSB
005 - FECHA Y HORA DE LA ULTIMA TRANSACCIÓN
control field 20240731104340.0
008 - ELEMENTOS DE LONGITUD FIJA -- INFORMACIÓN GENERAL
Campo fijo de descripción fija -- Información general 240731t1987 -us||||| |||| 00| 0 eng d
040 ## - FUENTE DE CATALOGACIÓN
Idioma de catalogación spa
Agencia que realiza la transcripción CO-MdFUSB
Agencia que realiza la modificación CO-MdFUSB
041 ## - CÓDIGO DE IDIOMA
Código de idioma para texto/pista de sonido o título separado eng
100 ## - ASIENTO PRINCIPAL--NOMBRE PERSONAL
Nombre personal Hendricks, Barbara,
Fechas asociadas con el nombre 1948-
Término relacionador autor
245 ## - TÍTULO
Título My pilgrimage in mission
Mención de responsabilidad / Barbara Hendricks
520 ## - NOTA DE RESUMEN, ETC.
Nota de sumario, etc. Abrazar una nueva realidad cultural y espiritual no fue el único enfoque de la evangelización en América Latina durante la segunda mitad del siglo XX. También indicó que el misionero del primer mundo comprendía la pobreza generalizada y el maltrato. Aquí, los humanos desnudos aparecen en su crudeza y vulnerabilidad. Nuevas dimensiones emergen en la división de la población de nuestro planeta entre los que poseen más y los que tienen menos de lo necesario para sobrevivir, a pesar de que antes permanecían en silencio. La cuestión ya no es ricos o pobres, sino quién puede vivir y quién no.
546 ## - NOTA DE IDIOMA
Nota de idioma Texto en inglés.
650 #0 - ASIENTO SECUNDARIO DE MATERIA - TERMINO TEMÁTICO
Término temático o nombre geográfico como elemento de entrada Misiones
9 (RLIN) 154
650 #0 - ASIENTO SECUNDARIO DE MATERIA - TERMINO TEMÁTICO
Término temático o nombre geográfico como elemento de entrada Evangelización
9 (RLIN) 362
650 #0 - ASIENTO SECUNDARIO DE MATERIA - TERMINO TEMÁTICO
Término temático o nombre geográfico como elemento de entrada Iglesia y problemas sociales
9 (RLIN) 1177
653 ## - TÉRMINO DE INDIZACIÓN - NO CONTROLADO
Término no controlado América latina
773 0# - ASIENTO DE ITEM FUENTE
Biblionumber 49483
Itemnumber 82882
Otro identificador del ítem R2710
Título International Bulletinof Missionary Research
Número de control del registro (CO-MdFUSB)768714001
Número Internacional Normalizado para Publicaciones Seriadas (ISSN) 0272-6122
Parte(s) relacionada(s) / Volumen., número. (mes año), páginas Volumen 11, (número 2, 1987), páginas: 59 - 61
Enumeración y primera página página: 59
942 ## - TIPO DE MATERIAL (KOHA)
Tipo de Item KOHA Artículos de Revista
945 ## - INFORMACIÓN LOCAL DEL REGISTRO
Catalogador Catherine Arias Álvarez - Practicante SENA

No hay ítems disponibles.

Biblioteca FUSBC | Teléfono: (57+4) 349 88 10 Ext. 141| WhatsApp (+57) 3005338115 
E-mail: biblioteca@unisbc.edu.co | Calle 76 87-14 Robledo Palenque, Medellín, Colombia

Con tecnología Koha